|
|
|
|
| LEADER |
00000cas a2200000 a 4500 |
| 001 |
047848 |
| 003 |
UAHC_CL |
| 005 |
20170803125256.0 |
| 008 |
051216b xx j 000 1 eng |
| 040 |
|
|
|a UAHC_CL
|c UAHC_CL
|d UAHC_CL
|
| 245 |
1 |
0 |
|a Tradición y saber :
|b revista académica de la Universidad Bernardo O' Higgins /
|c Universidad Bernardo O' Higgins.
|
| 260 |
|
|
|b Universidad Bernardo O'Higgins
|c 2004
|a Santiago, Chile
|
| 300 |
|
|
|a v.
|
| 505 |
0 |
|
|a Contiene: Los objetivos de la Reforma educacional, Adrián Medina G. -- Globalización y antiglobalización: los nuevos rostros del dios Jano, Víctor Aguilera A. -- El derecho de intervención, Cristián Garay V. -- O'Higgins y las sociedades secretas, Manuel Ramírez E. -- Extranjeros nacionalizados por gracia, Juan Guillermo Prado O. -- El feminismo en la política chilena, Jaime Etchepare J. -- Relaciones Públicas: un ayer con futuro, Ismael Núñez M. -- Camilo Henríquez González, padre del periodismo chileno, Gerald Adisson y Smith L. -- Parra: antipoesía y artefactos visuales, Antonio Landauro.
|
| 710 |
1 |
|
|a Universidad Bernardo O'Higgins
|
| 900 |
|
|
|a TRADICION Y SABER
|
| 942 |
|
|
|c REV
|
| 952 |
|
|
|0 0
|1 0
|4 0
|6 TRADICION_Y_SABER02_05_000000000000000
|7 0
|8 General
|9 86250
|a BC
|b BC
|c General
|d 2017-08-03
|l 0
|o TRADICION Y SABER-02/05
|p 1351518
|r 2022-01-06 00:00:00
|t 1
|w 2017-08-03
|y REV
|
| 952 |
|
|
|0 0
|1 0
|4 0
|6 TRADICION_Y_SABER03_06_000000000000000
|7 0
|8 General
|9 86251
|a BC
|b BC
|c General
|d 2017-08-03
|l 0
|o TRADICION Y SABER-03/06
|p 1355719
|r 2022-01-06 00:00:00
|t 1
|w 2017-08-03
|y REV
|
| 952 |
|
|
|0 0
|1 0
|4 0
|6 TRADICION_Y_SABER_04_070000000000000
|7 0
|8 General
|9 86252
|a BC
|b BC
|c General
|d 2017-08-03
|l 0
|o TRADICION Y SABER-/04/07
|p 1360963
|r 2022-01-06 00:00:00
|t 1
|w 2017-08-03
|y REV
|
| 952 |
|
|
|0 0
|1 0
|4 0
|6 TRADICION_Y_SABER05_08_000000000000000
|7 0
|8 General
|9 86253
|a BC
|b BC
|c General
|d 2017-08-03
|l 0
|o TRADICION Y SABER-05/08
|p 1364106
|r 2022-01-06 00:00:00
|t 1
|w 2017-08-03
|y REV
|
| 952 |
|
|
|0 0
|1 0
|4 0
|6 TRADICION_Y_SABER05_08_000000000000000
|7 0
|8 General
|9 86254
|a BC
|b BC
|c General
|d 2017-08-03
|l 0
|o TRADICION Y SABER-05/08
|p 1372225
|r 2022-01-06 00:00:00
|t 2
|w 2017-08-03
|y REV
|
| 952 |
|
|
|0 0
|1 0
|4 0
|6 TRADICION_Y_SABER06_09_000000000000000
|7 0
|8 General
|9 86255
|a BC
|b BC
|c General
|d 2017-08-03
|l 1
|o TRADICION Y SABER-06/09
|p 1378785
|r 2022-01-06 00:00:00
|s 2018-07-25
|t 1
|w 2017-08-03
|y REV
|
| 952 |
|
|
|0 0
|1 0
|4 0
|6 TRADICION_Y_SABER08_11_000000000000000
|7 0
|8 General
|9 86256
|a BC
|b BC
|c General
|d 2017-08-03
|l 0
|o TRADICION Y SABER-08/11
|p 1382788
|r 2022-01-06 00:00:00
|t 1
|w 2017-08-03
|y REV
|
| 952 |
|
|
|0 0
|1 0
|4 0
|6 TRADICION_Y_SABER09_12_000000000000000
|7 0
|8 General
|9 86257
|a BC
|b BC
|c General
|d 2017-08-03
|l 0
|o TRADICION Y SABER-09/12
|p 1407721
|r 2022-01-06 00:00:00
|t 1
|w 2017-08-03
|y REV
|
| 999 |
|
|
|c 47848
|d 47848
|